<?xml version="1.0" encoding="UTF-8"?><?xml-stylesheet type="text/xsl" href="static/style.xsl"?><OAI-PMH xmlns="http://www.openarchives.org/OAI/2.0/" xmlns:xsi="http://www.w3.org/2001/XMLSchema-instance" xsi:schemaLocation="http://www.openarchives.org/OAI/2.0/ http://www.openarchives.org/OAI/2.0/OAI-PMH.xsd"><responseDate>2026-06-05T17:26:25Z</responseDate><request verb="GetRecord" identifier="oai:riuma.uma.es:10630/29706" metadataPrefix="marc">https://riuma.uma.es/rest/oai/request</request><GetRecord><record><header><identifier>oai:riuma.uma.es:10630/29706</identifier><datestamp>2026-02-03T10:48:58Z</datestamp><setSpec>com_10630_2254</setSpec><setSpec>col_10630_37953</setSpec></header><metadata><record xmlns="http://www.loc.gov/MARC21/slim" xmlns:dcterms="http://purl.org/dc/terms/" xmlns:doc="http://www.lyncode.com/xoai" xmlns:xsi="http://www.w3.org/2001/XMLSchema-instance" xsi:schemaLocation="http://www.loc.gov/MARC21/slim http://www.loc.gov/standards/marcxml/schema/MARC21slim.xsd">
   <leader>00925njm 22002777a 4500</leader>
   <datafield ind2=" " ind1=" " tag="042">
      <subfield code="a">dc</subfield>
   </datafield>
   <datafield ind2=" " ind1=" " tag="720">
      <subfield code="a">Corrales-Aguilar, Pilar</subfield>
      <subfield code="e">author</subfield>
   </datafield>
   <datafield ind2=" " ind1=" " tag="260">
      <subfield code="c">1994</subfield>
   </datafield>
   <datafield ind2=" " ind1=" " tag="520">
      <subfield code="a">La importancia que tuvo la pesca y la elaboración de salsas derivadas en el sur peninsular tiene su plasmación evidente en el litoral malacitano. Aquí el modelo de explotación fue distinto al área gaditana, siendo la factoría asociada a la villa y, en ocasiones, al alfar donde se elaboraban los productos, la fórmula habitual junto con las factorías que se instalan próximas a los ámbitos urbanos, como ocurre en Malaca y Suel. Aunque los túnidos fueron los grandes protagonistas, el uso de todo tipo de pescados para la realización de salsas y estar en las aguas más tranquilas del Mar de Alborán, debieron permitir el funcionamiento prácticamente continuo a lo largo del año de estas instalaciones durante la fase romana.</subfield>
   </datafield>
   <datafield ind1="8" ind2=" " tag="024">
      <subfield code="a">Mainake, Nº. 15-16, 1993-1994, págs. 243-260</subfield>
   </datafield>
   <datafield ind1="8" ind2=" " tag="024">
      <subfield code="a">ISSN 0212-078X,</subfield>
   </datafield>
   <datafield ind1="8" ind2=" " tag="024">
      <subfield code="a">https://hdl.handle.net/10630/29706</subfield>
   </datafield>
   <datafield tag="653" ind2=" " ind1=" ">
      <subfield code="a">Málaga - Historia -&lt;....-0414, Edad antigua</subfield>
   </datafield>
   <datafield ind2="0" ind1="0" tag="245">
      <subfield code="a">Salazones en la provincia de Málaga: una aproximación a su estudio</subfield>
   </datafield>
</record>
</metadata></record></GetRecord></OAI-PMH>